01671naa a22003497a 4500001001000000003000900010005001700019007000300036008003400039040005400073041000900127072002600136090001800162100001800180100002000198100001700218111010300235245011000338246010500448246011500553260004000668500015400708650002700862650002500889650001400914650002200928773015300950909003601103942001401139999001901153952014901172BR8400618BR-BrBNA20240918175419.0ta230509b bl.||||| |||| 00| 0 por d aBR-BrBNAbporcBiblioteca Nacional de Agricultura a(Pt) aF25b0220bG514bGZ65 aF25 BR84006181 aChielle, Z.G.1 aChielle, M.C.P.1 aSoares, G.J.1 a1. Reuniao Tecnica Anual de Culturas Energeticas do IPAGROcPorto Alegre, RS (Brazil)d26 Apr 19831 aNiveis de potassio em solo Rio Pardo para beterraba acucareira [Beta vulgaris, Rio Grande do Sul, Brasil]1 a[Potassium levels in a Rio Pardo soil for sugar beetroot [Beta vulgaris, Rio Grande do Sul, Brazil]]1 a[Energetic crops (sunflower, rape, cassava, saccharine sorghum, sugar beetroot)]bExperimental results 1982/833 aPorto Alegre, RS (Brasil): c1983.  aCulturas energeticas (girassol, colza, mandioca, sorgo sacarino, beterraba acucareira) Porto Alegre, RS (Brasil): 1983. p. 183-185 (BR8400618-AM)F25  aFERTILIZANTE POTASSICO aBETERRABA ACUCAREIRA aRIO PARDO aRIO GRANDE DO SUL0 tCulturas energeticas (girassol, colza, mandioca, sorgo sacarino, beterraba acucareira)bwF25 BR8400618gPorto Alegre, RS (Brasil), 1983. p. 183-185 a202404bLuciac55dLucia Elande cAM2AGRIS c316582d316582 002AGRIS40708Acervo Gerala41918b41918cAgrobasel0o0337 BR8400587r2024-05-20t01yAM10d2024-04-11ePortaria Interministerial nÂș 164/94